|
|
|
|
| LEADER |
00000cam a2200000 c 4500 |
| 001 |
1091020361 |
| 003 |
DE-627 |
| 005 |
20251224220347.0 |
| 007 |
tu |
| 008 |
900717s1969 gw ||||| 00| ||ger c |
| 035 |
|
|
|a (DE-627)1091020361
|
| 035 |
|
|
|a (DE-576)021020361
|
| 035 |
|
|
|a (DE-599)BSZ021020361
|
| 035 |
|
|
|a (OCoLC)245901148
|
| 035 |
|
|
|a (OCoLC)00261990
|
| 035 |
|
|
|a (OCoLC)245901148
|
| 035 |
|
|
|a (DE-604)8070695687
|
| 035 |
|
|
|a (AT-OBV)AC00805208
|
| 035 |
|
|
|a (DE-H357)his3878
|
| 040 |
|
|
|a DE-627
|b ger
|c DE-627
|e rakwb
|
| 041 |
|
|
|a ger
|
| 044 |
|
|
|c XA-DE
|
| 050 |
|
0 |
|a LA728
|
| 082 |
0 |
|
|a 378.43
|
| 082 |
0 |
|
|a 371.81
|
| 084 |
|
|
|a 1
|2 ssgn
|
| 084 |
|
|
|a AL 46900
|2 rvk
|0 (DE-625)rvk/3446:
|
| 084 |
|
|
|a PN 925
|2 rvk
|0 (DE-625)rvk/137839:
|
| 084 |
|
|
|a NU 6500
|2 rvk
|0 (DE-625)rvk/131512:
|
| 084 |
|
|
|a DM 2000
|2 rvk
|0 (DE-625)rvk/19699:761
|
| 084 |
|
|
|a MS 7450
|2 rvk
|0 (DE-625)rvk/123789:
|
| 084 |
|
|
|a MS 7400
|2 rvk
|0 (DE-625)rvk/123788:
|
| 084 |
|
|
|a QX 850
|2 rvk
|0 (DE-625)rvk/142205:
|
| 084 |
|
|
|a BL 9030
|2 rvk
|0 (DE-625)rvk/12383:
|
| 084 |
|
|
|a CI 2344
|2 rvk
|0 (DE-625)rvk/18396:11603
|
| 084 |
|
|
|a PN 896
|2 rvk
|0 (DE-625)rvk/137818:
|
| 084 |
|
|
|a 81.80
|2 bkl
|
| 084 |
|
|
|a 89.62
|2 bkl
|
| 100 |
1 |
|
|a Habermas, Jürgen
|d 1929-
|0 (DE-588)118544209
|0 (DE-627)079342809
|0 (DE-576)208945415
|4 aut
|
| 109 |
|
|
|a Habermas, Jürgen 1929-
|
| 245 |
1 |
0 |
|a Protestbewegung und Hochschulreform
|c Jürgen Habermas
|
| 250 |
|
|
|a 1. - 15. Tsd.
|
| 264 |
|
1 |
|a Frankfurt am Main
|b Suhrkamp
|c 1969
|
| 300 |
|
|
|a 270 S.
|
| 336 |
|
|
|a Text
|b txt
|2 rdacontent
|
| 337 |
|
|
|a ohne Hilfsmittel zu benutzen
|b n
|2 rdamedia
|
| 338 |
|
|
|a Band
|b nc
|2 rdacarrier
|
| 490 |
0 |
|
|a Edition Suhrkamp
|v 354
|
| 500 |
|
|
|a Literaturangaben
|
| 546 |
|
|
|a Deutsch
|
| 583 |
1 |
|
|a Archivierung/Langzeitarchivierung gewährleistet
|f SLG
|x XA-DE-BW
|z BfZ
|2 pdager
|5 DE-24
|
| 583 |
1 |
|
|a Archivierung/Langzeitarchivierung gewährleistet
|f SSG
|x XA-DE-BW
|2 pdager
|5 DE-21
|
| 583 |
1 |
|
|a Massenentsäuert
|c 2010
|k DE-18
|2 pdager
|5 DE-18-64
|
| 650 |
|
0 |
|a Universities and colleges
|x Administration
|x Germany (West)
|
| 650 |
|
0 |
|a Student Movements
|x Germany (West)
|
| 650 |
|
2 |
|a Deutschland
|
| 650 |
|
2 |
|a Hochschulreform
|
| 650 |
|
2 |
|a Studentenbewegung
|
| 650 |
|
2 |
|a Hochschule, gegenwärtige Situation
|
| 650 |
|
2 |
|a Studentenschaft, Politische Haltung und Aktionen
|
| 650 |
|
2 |
|a Hochschulpolitik
|
| 650 |
|
4 |
|a Bildung
|
| 650 |
|
4 |
|a Soziale und politische Bewegungen
|
| 650 |
|
4 |
|a Deutschland
|
| 650 |
|
4 |
|a Hochschulreform
|
| 650 |
|
4 |
|a Studentenbewegung
|
| 650 |
|
4 |
|a Hochschule, gegenwärtige Situation
|
| 650 |
|
4 |
|a Studentenschaft, Politische Haltung und Aktionen
|
| 650 |
|
4 |
|a Hochschulpolitik
|
| 651 |
|
4 |
|a Deutschland (Bundesrepublik)
|
| 655 |
|
7 |
|a Aufsatzsammlung
|0 (DE-588)4143413-4
|0 (DE-627)105605727
|0 (DE-576)209726091
|2 gnd-content
|
| 689 |
0 |
0 |
|d g
|0 (DE-588)4011889-7
|0 (DE-627)104732423
|0 (DE-576)208896201
|a Deutschland
|g Bundesrepublik
|2 gnd
|
| 689 |
0 |
1 |
|d s
|0 (DE-588)4025255-3
|0 (DE-627)106294326
|0 (DE-576)20895984X
|a Hochschulreform
|2 gnd
|
| 689 |
0 |
2 |
|d s
|0 (DE-588)4226404-2
|0 (DE-627)104464305
|0 (DE-576)210313803
|a Protestbewegung
|2 gnd
|
| 689 |
0 |
3 |
|a z
|2 gnd
|a Geschichte 1968-1969
|
| 689 |
0 |
|
|5 DE-101
|
| 689 |
1 |
0 |
|d s
|0 (DE-588)4226404-2
|0 (DE-627)104464305
|0 (DE-576)210313803
|a Protestbewegung
|2 gnd
|
| 689 |
1 |
1 |
|d s
|0 (DE-588)4025255-3
|0 (DE-627)106294326
|0 (DE-576)20895984X
|a Hochschulreform
|2 gnd
|
| 689 |
1 |
|
|5 (DE-627)
|
| 689 |
2 |
0 |
|d s
|0 (DE-588)4025255-3
|0 (DE-627)106294326
|0 (DE-576)20895984X
|a Hochschulreform
|2 gnd
|
| 689 |
2 |
|
|5 (DE-627)
|
| 689 |
3 |
0 |
|d g
|0 (DE-588)4011882-4
|0 (DE-627)104704861
|0 (DE-576)208896155
|a Deutschland
|2 gnd
|
| 689 |
3 |
1 |
|d s
|0 (DE-588)4058171-8
|0 (DE-627)104197412
|0 (DE-576)209125233
|a Studentenbewegung
|2 gnd
|
| 689 |
3 |
2 |
|d s
|0 (DE-588)4025255-3
|0 (DE-627)106294326
|0 (DE-576)20895984X
|a Hochschulreform
|2 gnd
|
| 689 |
3 |
3 |
|a z
|2 gnd
|a Geschichte 1967-1969
|
| 689 |
3 |
|
|5 (DE-627)
|
| 689 |
4 |
0 |
|d g
|0 (DE-588)4011882-4
|0 (DE-627)104704861
|0 (DE-576)208896155
|a Deutschland
|2 gnd
|
| 689 |
4 |
1 |
|d s
|0 (DE-588)4058171-8
|0 (DE-627)104197412
|0 (DE-576)209125233
|a Studentenbewegung
|2 gnd
|
| 689 |
4 |
|
|5 (DE-627)
|
| 856 |
4 |
2 |
|u http://www.gbv.de/dms/ilmenau/toc/022040404.PDF
|m V:DE-601
|q application/pdf
|3 Inhaltsverzeichnis
|7 1
|
| 889 |
|
|
|w (DE-576)471053384
|
| 889 |
|
|
|w (DE-627)784689512
|
| 889 |
|
|
|w (DE-627)022040404
|
| 889 |
|
|
|w (DE-627)075958112
|
| 935 |
|
|
|a mteo
|
| 935 |
|
|
|i mdedup
|
| 936 |
r |
v |
|a AL 46900
|b Studentenunruhen
|k Allgemeines
|k Hochschul- und Universitätswesen
|k Studentenschaft
|k Studentenunruhen
|0 (DE-627)1270660675
|0 (DE-625)rvk/3446:
|0 (DE-576)200660675
|
| 936 |
r |
v |
|a PN 925
|b Thüringen
|k Rechtswissenschaft
|k Verwaltungswissenschaften und Verwaltungsrecht
|k Besonderes Verwaltungsrecht
|k Hochschulrecht und Wissenschaft / Recht (BF Wissenschaftsrecht)
|k Hochschulrecht (BF Hochschulgesetzgebung), Hochschulverwaltung, Hochschulverfassung
|k Thüringen
|0 (DE-627)127133402X
|0 (DE-625)rvk/137839:
|0 (DE-576)20133402X
|
| 936 |
r |
v |
|a NU 6500
|b Studentische Organisationen
|k Geschichte
|k Geschichte der Wissenschaften und des Unterrichtswesens
|k Geschichte der Wissenschaften
|k Studenten
|k Studentische Organisationen
|0 (DE-627)1271519143
|0 (DE-625)rvk/131512:
|0 (DE-576)201519143
|
| 936 |
r |
v |
|a DM 2000
|b Allgemeines und Deutschland
|k Pädagogik
|k Universität, Hochschule, Forschung und Wissenschaft
|k Theorie und Reform
|k Allgemeines und Deutschland
|0 (DE-627)1270782215
|0 (DE-625)rvk/19699:761
|0 (DE-576)200782215
|
| 936 |
r |
v |
|a MS 7450
|b Universitäre Demokratie (Hochschulselbstverwaltung, Studentische Mitbeteiligung)
|k Soziologie
|k Spezielle Soziologien
|k Pädagogische Soziologie
|k Soziologie der Universitäten und Hochschulen
|k Universitäre Demokratie (Hochschulselbstverwaltung, Studentische Mitbeteiligung)
|0 (DE-627)1271441675
|0 (DE-625)rvk/123789:
|0 (DE-576)201441675
|
| 936 |
r |
v |
|a MS 7400
|b Überfüllung, Studienreform, Studienfragen, Hochschuldidaktik
|k Soziologie
|k Spezielle Soziologien
|k Pädagogische Soziologie
|k Soziologie der Universitäten und Hochschulen
|k Überfüllung, Studienreform, Studienfragen, Hochschuldidaktik
|0 (DE-627)1271441667
|0 (DE-625)rvk/123788:
|0 (DE-576)201441667
|
| 936 |
r |
v |
|a QX 850
|b Hochschulen. Higher Education
|k Wirtschaftswissenschaften
|k Sozialpolitik. Gesundheitswesen. Bildungsökonomie
|k Bildungsökonomie
|k Hochschulen. Higher Education
|0 (DE-627)1270830104
|0 (DE-625)rvk/142205:
|0 (DE-576)200830104
|
| 936 |
r |
v |
|a BL 9030
|b Hochschule und Hochschulreform
|k Theologie und Religionswissenschaften
|k Christliche Gesellschaftslehre
|k Kultur und Bildung
|k Hochschule und Hochschulreform
|0 (DE-627)1270730118
|0 (DE-625)rvk/12383:
|0 (DE-576)200730118
|
| 936 |
r |
v |
|a CI 2344
|b Einzelschriften
|k Philosophie
|k Geschichte der Philosophie
|k Geschichte der Philosophie des Abendlandes von Antike bis 20. Jahrhundert
|k Philosophie des 20. Jahrhunderts
|k Deutschland und deutschsprachige Länder
|k Autoren
|k Autoren H
|k Habermas, Jürgen
|k Einzelschriften
|0 (DE-627)1271512963
|0 (DE-625)rvk/18396:11603
|0 (DE-576)201512963
|
| 936 |
r |
v |
|a PN 896
|b Hochschulreform
|k Rechtswissenschaft
|k Verwaltungswissenschaften und Verwaltungsrecht
|k Besonderes Verwaltungsrecht
|k Hochschulrecht und Wissenschaft / Recht (BF Wissenschaftsrecht)
|k Allgemeines
|k Hochschulreform
|0 (DE-627)1271333570
|0 (DE-625)rvk/137818:
|0 (DE-576)201333570
|
| 936 |
b |
k |
|a 81.80
|j Hochschulen
|j Fachhochschulen
|0 (DE-627)106422847
|
| 936 |
b |
k |
|a 89.62
|j Politische Bewegungen
|0 (DE-627)106417169
|
| 951 |
|
|
|a BO
|
| ELC |
|
|
|b 1
|
| LOK |
|
|
|0 000 xxxxxcx a22 zn 4500
|
| LOK |
|
|
|0 001 2147709905
|
| LOK |
|
|
|0 003 DE-627
|
| LOK |
|
|
|0 004 1091020361
|
| LOK |
|
|
|0 005 20020607000000
|
| LOK |
|
|
|0 008 930430||||||||||||||||ger|||||||
|
| LOK |
|
|
|0 040
|a DE-21-110
|c DE-627
|d DE-21-110
|
| LOK |
|
|
|0 852
|a DE-21-110
|
| LOK |
|
|
|0 852 1
|c O IV 72
|m p
|9 00
|
| LOK |
|
|
|0 935
|a k110
|
| LOK |
|
|
|0 936ln
|a 7.3.2.2
|
| LOK |
|
|
|0 938
|k p
|
| LOK |
|
|
|0 939
|a 30-04-93
|b l01
|
| ORI |
|
|
|a SA-MARC-krimdoka001.raw
|
| SIG |
|
|
|a IFK: O IV 72
|
| TIM |
|
|
|a 100019680101_100019691231
|b Geschichte 1968-1969
|